All Rhino Species - Statistics

General Stats
  • This quiz has been taken 35 times
  • The average score is 4 of 5
Answer Stats
Picture Answer % Correct
White Rhino
100%
Black Rhino
93%
Indian Rhino
86%
Sumatran Rhino
83%
Javan Rhino
76%
No matching quizzes found
Score Distribution
Percent of People with Each Score
Percentile by Number Answered
Your Score History
You have not taken this quiz